000 00843nac a22002291u 4500
010 _a 82008177
020 _a0860950301 :
082 0 0 _a690.520286
_bMAR
090 _c5996
_d5996
100 _aMarsh, Paul Hugh.
245 1 4 _aThe refurbishment of commercial and industrial buildings /
_cPaul Marsh.
260 _aLondon ;
_aNew York :
_bConstruction Press,c.1983.
_cc.1983.
300 _avii, 94 p. :
_bill. ;
_c31 cm.
500 _aCover title: The refurbishment of commercial & industrial buildings.
500 _aIncludes index.
500 _aDistributer: Al-Ahram.
504 _aBibliography: p. 90.
511 _aCatalogued By: Mahitab.
650 0 _aBuildings
_xRepair and reconstruction.
740 0 _aRefurbishment of commercial & industrial buildings.
942 _cBB
_k690.520286MAR
999 _c5996
_d5996